00572cam a22002054a 45000010009000000050017000090080041000260100017000670200035000840400018001190410008001370420008001450430012001530800013001650820020001781000007001981010008002052450093002135040060003061277692420180201032000.0020516s2002 vaua b 001 0 eng  a 2002007798 a0871206641 (pbk. : alk. paper) aDLCcDLCdDLC aeng apcc an-us--- a371.335 00a371.335 SIM221 a46 aEDU00aIncreasing student learning through multimedia projects /cMichael Simkins ... [et al.]. aIncludes bibliographical references (p. 132) and index.